000 00274nam a2200109Ia 4500
005 20251222152650.0
008 251222s9999||||xx |||||||||||||| ||spa||
082 _a270/R83
100 _aRops, Daniel
245 0 _aLa Iglesia de los Apóstoles y de los Mártires
942 _cLIB
999 _c28414
_d28414